| 000 | 00645nam a2200253 a 4500 | ||
|---|---|---|---|
| 003 | AR-BaBNM | ||
| 005 | 20251128203011.0 | ||
| 008 | 082120s2002 ||||||||||||||000 | spa|| | ||
| 020 | _a84-321-1897-4 | ||
| 040 | _cAR-BaBNM | ||
| 100 | 1 | _aMillán Puelles, Antonio | |
| 245 | 0 | 0 | _aUniversidad y sociedad |
| 260 |
_aMadrid _bRialp _c1976 |
||
| 300 | _a154 p. | ||
| 490 | 0 | _aLibros de bolsillo Rialp | |
| 650 | 4 | _aUNIVERSIDADES | |
| 650 | 4 | _aFILOSOFIA DE LA EDUCACION | |
| 650 | 4 | _aIGLESIA Y EDUCACION | |
| 650 | 4 | _aFINALIDADES DE LA EDUCACION | |
| 650 | 4 | _aMARXISMO | |
| 650 | 4 | _aEDUCACION CRISTIANA | |
| 942 | _cBK | ||
| 998 | _cSILVI | ||
| 999 |
_c1457 _d1457 |
||